• 首页
  • 本馆介绍
  • 公告通知
  • 最新文献
  • 馆藏检索
  • 电子资源
  • 读者导购
  • 参考咨询
  • 我的图书馆
  • 登录
  • 详细信息显示
  • 放入我的书架
  • 预约/预借图书
  • 作者相关作品
  • 分类相关作品
  • 丛书相关作品
  • 出版社相关作品

书目信息

  • 表格格式
  • 工作单格式
  • 卡片格式
题名:
中国城市化理论构建与实证分析
    
 
作者: 陈春林 编著
分册:  
出版信息: 北京   经济科学出版社  2013
页数: 207页
开本: 23cm
丛书名:
单 册:
中图分类: F299.21
科图分类:
主题词: 城市化--研究--中国 , 城市化
电子资源:
ISBN: 978-7-5141-3902-0
000 01080nam0 2200241 450
001 523
005 20140909093651.35
010    @a978-7-5141-3902-0@dCNY48.00
100    @a20131209d2013 em y0chiy50 ea
101 0  @achi
102    @aCN@b110000
105    @ab z 000yy
106    @ar
200 1  @a中国城市化理论构建与实证分析@AZhong Guo Cheng Shi Hua Li Lun Gou Jian Yu Shi Zheng Fen Xi@f陈春林编著@FChen Chun Lin Bian Zhu
210    @a北京@c经济科学出版社@d2013
215    @a207页@c地图@d23cm
330    @a本书以区域经济地理学的思想为主线,围绕“空间”和“要素”这两大区域经济地理学的核心论题,通过其相关学科为理论研究基础,以多元基本数据处理软件、GIS技术为建模及可视化分析手段,从区域经济地理学视角构建我国城市化的理论研究框架、并通过对吉林省城市化要素、条件基础、城市化过程、格局、机理、区域负向响应问题的深入分析与对策调控,提出未来吉林省城市化道路及其实践途径。
606 0  @a城市化@x研究@y中国
606 0  @a城市化
690    @aF299.21@v5
701  0 @a陈春林@AChen Chun Lin@f(1982~)@4编著
801  0 @aCN@bTANGWEI@c20140603
905    @b0839650-52@dF299.21@e1179@f3
    
    中国城市化理论构建与实证分析/陈春林编著.-北京:经济科学出版社,2013
    207页:地图;23cm
    
    
    ISBN 978-7-5141-3902-0:CNY48.00
    本书以区域经济地理学的思想为主线,围绕“空间”和“要素”这两大区域经济地理学的核心论题,通过其相关学科为理论研究基础,以多元基本数据处理软件、GIS技术为建模及可视化分析手段,从区域经济地理学视角构建我国城市化的理论研究框架、并通过对吉林省城市化要素、条件基础、城市化过程、格局、机理、区域负向响应问题的深入分析与对策调控,提出未来吉林省城市化道路及其实践途径。
●
相关链接 在E读中查询图书 在五车中查询图书 在当当中查询图书 在豆瓣中查询图书


正题名:中国城市化理论构建与实证分析     索取号:F299.21/1179         预约/预借

序号 登录号 条形码 馆藏地/架位号 状态 备注
1 0839650   208396500   第一样本阅览室/ [索取号:F299.21/1179] 在馆    
2 0839651   208396519   密集书库-海洋学院/ [索取号:F299.21/1179] 在馆    
3 0839652   208396528   第一借阅区/ [索取号:F299.21/1179] 在馆    
唐山师范学院图书馆 欢迎您!
大连网信软件有限公司© 版权所有